Turbo graphix toolbox : (Record no. 3391)

MARC details
000 -LEADER
fixed length control field 00838nac a22002411u 4500
010 ## - LIBRARY OF CONGRESS CONTROL NUMBER
LC control number 85173207
020 ## - INTERNATIONAL STANDARD BOOK NUMBER
International Standard Book Number 0875240011 (pbk.)
082 00 - DEWEY DECIMAL CLASSIFICATION NUMBER
Classification number 006.6765
090 ## - LOCALLY ASSIGNED LC-TYPE CALL NUMBER (OCLC); LOCAL CALL NUMBER (OCLC)
-- 3391
-- 3391
100 ## - MAIN ENTRY--PERSONAL NAME
Personal name 20080729
245 00 - TITLE STATEMENT
Title Turbo graphix toolbox :
Remainder of title version 1.0 : owner's handbook.
250 ## - EDITION STATEMENT
Edition statement 1st ed.
260 ## - PUBLICATION, DISTRIBUTION, ETC. (IMPRINT)
Place of publication, distribution, etc Scotts Valley, CA :
Name of publisher, distributor, etc Borland International,
Date of publication, distribution, etc 1985.
300 ## - PHYSICAL DESCRIPTION
Extent vii, 254 p. :
Other physical details ill. ;
Dimensions 22 cm.
500 ## - GENERAL NOTE
General note Includes index.
500 ## - GENERAL NOTE
General note Donations.
500 ## - GENERAL NOTE
General note Donations - Bibliotheca Alexandrina.
650 #0 - SUBJECT ADDED ENTRY--TOPICAL TERM
Topical term or geographic name as entry element Pascal (Computer program language)
650 #0 - SUBJECT ADDED ENTRY--TOPICAL TERM
Topical term or geographic name as entry element Computer graphics.
710 2# - ADDED ENTRY--CORPORATE NAME
Corporate name or jurisdiction name as entry element Borland International.
942 ## - ADDED ENTRY ELEMENTS (KOHA)
Item type Book - Borrowing
Call number prefix 006.6765
Holdings
Withdrawn status Item status Source of classification or shelving scheme Damaged status Not for loan Home library Current library Shelving location Date acquired Source of acquisition Total Checkouts Full call number Barcode Date last seen Koha item type
    Dewey Decimal Classification     Central Library Central Library Lower Floor 05/04/2007 Purchase   006.6765 TUR 000030016 15/07/2025 Book - Borrowing